All Bachelor US Contestants - Statistics

General Stats
  • This quiz has been taken 1,202 times
  • The average score is 212 of 480
Answer Stats
Job Contestants Name % Correct
Operations Manager J
95%
Miss Alabama USA 2018 Hannah B.
88%
Content Creator Hannah G.
88%
6th Grade Teacher | Attorney | Fashion Sales Representative | +2 others Rachel
87%
Manscaper Raichel
86%
Nanny Bekah
84%
Medical Sales Rep. Kat
84%
High School Teacher | Journalist | Law School Graduate | Teacher Lauren
82%
Flight Attendant | Technology Salesperson Lauren B.
82%
Executive Recruiter Lauren G.
82%
Kindergarten Teacher | Mineral Coordinator Lauren H.
82%
Recent Master's Graduate Lauren J.
82%
Math Teacher Lauren R.
82%
Music Composer | Social Media Manager Lauren S.
82%
Apparel Merchant | Nanny Alli
81%
Casino Marketing Representative | Children's Hospital Event Planner | Fitness Model | +2 others Emily
81%
Doula Liz
81%
Chiropractic Assistant | Publicist Becca
80%
Flight Attendant Ann
77%
Event Planner Erin H.
77%
Vendor Erin S.
77%
Personal Organizer | Singer-songwriter Ashlee
76%
Account Manager Ashleigh
76%
Grade School Teacher | Real Estate Agent | Teacher Ashley
76%
Dental Student | Fashion Model Ashley H.
76%
Journalist Ashley I.
76%
Hair Stylist Ashley P.
76%
Hair Stylist | Nanny Ashley S.
76%
Model | Sports Reporter Bri
76%
Advertising Account Manager | Personal Stylist Ali
75%
Student Anna
75%
Advertising Executive | Bar Manager | Grade School Teacher | Journalist Sarah
75%
Musical Theatre Performer Sarah L.
75%
Real Estate Broker Sarah P.
75%
Realtor Caitlin
74%
Spokesmodel Caitlyn
74%
Dance Instructor Kaitlyn
74%
Attorney Meri
72%
Assistant Financial Advisor Christi
71%
Marketing Manager | Radiological Technologist Christy
71%
Attorney Cristy
71%
LASIK Eye and Skin Center manager | Medical Sales Representative | Power Tools Sales Rep. | Yoga Instructor Katie
71%
Acupunctarist | Model | Student Kristy
71%
Wedding Videographer Christen
69%
Small Business Owner Jennifer "Jen"
69%
Waitress Kristen
69%
Singer Kristin
69%
Interior Designer | Realtor Michele
68%
Administrative assistant | Food Truck Owner | Hairstylist | +2 others Michelle
68%
Hairstylist Clare
67%
Real Estate Developer JoJo
67%
Apparel Sales Representative | Former News Anchor | Marketing Associate Olivia
67%
Assistant District Attorney Andi
66%
Accountant | Assistant Buyer | Hedge Fund Analyst | +2 others Jessica
65%
Student Jessica B.
65%
Attorney Jessica H.
65%
Student Jessica K.
65%
Legal Assistant Victoria
65%
Ballet Teacher | Esthetician | Event Planner | +2 others Amanda
63%
Law Student Amanda P.
63%
Account Executive Amanda R.
63%
Model/make-up artist Anne-Catherine
63%
Speech Pathologist Cassie
62%
Special Education Teacher Vanessa
62%
DJ Catherine
61%
Corporate Flight Attendant Kathryn
61%
Graphic Designer Catherine
60%
Marketing Manager Elizabeth
60%
Captain, Air National Guard Elizabeth K. (D.C.)
60%
Nanny Elizabeth K. (NE)
60%
Photographer Hailey
60%
Waitress/Twin Haley
60%
Retail Manager Hayley
60%
Phoenix Suns Cheerleader Jenni
60%
Financial Advisor Shawn
60%
Caterer | Model Courtney
59%
Attorney | Restaurant Manager Christina
58%
Business Owner Corinne
58%
Advertising Executive | Dental Hygenist Kristina
58%
Physical Therapist Tia
58%
Menswear Buyer | Real Esatate Agent | Sales Manager | Social Media Coordinator Nicole
57%
Beer Chemist | Food Writer | Waitress Britt
56%
Tech Recruiter Brittany T.
56%
Medical Sales Representative Brittney
56%
Miss North Carolina USA 2018 Caelynn
56%
Software Sales Representative Caila
56%
Former Miss Illinois Catherine
56%
Psychiatric Nurse Danielle
56%
Paralegal Britnee
55%
Marketing Manager Brittane J.
55%
Travel Nurse | WWE Diva In-Training Brittany
55%
Graphic Designer Danielle I.
55%
Small Business Owner Danielle L.
55%
Neonatal Nurse Danielle M.
55%
Attorney Danielle V.
55%
Boutique Sales Worker | Cosmetics Developer Jade
55%
Cruise Ship Entertainer | Dog Lover | Medical Sales Representative Kelly
55%
Department Store Buyer Molly
55%
Phlebotomist Tayshia
55%
Accountant | Teacher Jennifer
54%
Mental Health Counselor Taylor
54%
Cruise Ship Singer Carly
53%
Boutique Owner Kate
53%
Creative Director Kendall
53%
Dog Rescuer Alex B.
52%
Account Manager Alex D.
52%
Nonprofit Director Dianna
52%
Fashion Boutique Owner Raven
52%
Attorney | Esthetician Rebecca
52%
Business Development Manager Lindzi
50%
Internet Entrepreneur Lyndsie
50%
Event Planner | Photographer | Sales Representative | Waitress Melissa
50%
Advertising Account Manager | Attorney | Fashion Designer Samantha
50%
Law Student Juli
49%
Account Executuve | Accountant | Dolphin Trainor Laura
49%
1st Grade Teacher | Student | Subsititue Teacher Lindsay
49%
Model Lindsey
49%
Model Madison
49%
Miami Heat Dancer Trista
49%
Surgical Unit Nurse Briana
48%
Guidance Counslor Kelsey
48%
Fertility Nurse | Piltes Instructor Whitney
47%
Massage Therapist Amy J.
46%
Local News Reporter Amy L.
46%
Retail Manager | Sales Director Jill
46%
Marketing Coordinator Lisa M.
46%
Sales Consultant Lisa P.
46%
Children's Book Author | Production Coordinator Amy
45%
Interior Designer Demi
45%
Bridal Stylist | Realtor Desiree
45%
Cowgirl Meagan
45%
Lacrosse Coach | Makeup Artist Megan
45%
Fashion Marketer Meghan
45%
Chef Jaimi
44%
Registered Nurse Jamie
44%
Social Worker Jane
44%
Fitness Coach Krystal
44%
Attorney | Marketing Manager | Public Relastions Associate Lisa
44%
Administrative Assistant Nikki
44%
Artist | Bar Manager | Cosmetics Consultant | +3 others Jackie
43%
Blogger | Social Media Manager Jenna
43%
Esthetician Juelia
43%
Interior Designer | Nanny | Realtor Kim
43%
Dental Hygenist Nicki
43%
Former NFL Cheerleader | Pediatric Nurse Nikki
43%
NBA Dancer Sydney
43%
Special Ed. Teacher Alexa
42%
Assistant Program Manager | Marriage Therapy Trainee | Registered Nurse Heather
42%
Flight Attendant Heather C.
42%
Bartender | Event Planner Jami
42%
Human Resources Recruiter | Law Student Natalie
42%
Communications Specialist Suzi
42%
Financial Associate Annie
41%
Realtor DeAnna
41%
Graphic Designer Izzy
41%
Graphic Designer Jenny
41%
Swim instructor/nanny/personal trainer Jenny D.
41%
Retail Manager Jenny M.
41%
Aspiring Dolphin Trainor | Attorney | Communications Deirector Alexis
40%
Bartender | Business Development Director | Business Owner | +4 others Amber
40%
Hair Stylist Ella
40%
Bank Representative | Pharmaceutical Sales Representative Holly
40%
Sales Manager Ida Marie
40%
Research Coordinator Jacqueline
40%
Realtor Caroline
39%
Account Executive Erica
39%
Law Student | Recruiter Erika
39%
Advertising Account Manager Jaclyn
39%
Professional Cheerleader | Teacher Julie
39%
High School Soccer Coach Kara
39%
Account Executive Kari
39%
College Student | Community Organizer Brooke
38%
Pharmaceutical sales rep. | Real Estate Executive Assistant Chelsea
38%
Science Educator Chelsie
38%
Flight Attendant | Pro Basketball Dancer Jasmine
38%
3rd Grade Teacher Cari
37%
Socialite Erica
37%
Cosmetic Sales Manager Jessie
37%
Interior Designer | News Producer Jillian
37%
Dance Teacher | Medical Marketing Representative Stephanie
37%
Organ Donor Coordinator Stephanie T.
37%
Project Manager Stephanie W.
37%
Chicken Enthusiast Tiara
37%
Church Marketing Rep. Carri
36%
Salon Owner Diana
36%
Financial Analyst | Human Resources Manager | Interior Designer | +2 others Erin
36%
Interior Designer Kylie
36%
Real Estate Agent Lace
36%
Free Spirit Lucy
36%
Marketing Representative Vienna
36%
Realtor Ellen
35%
Pharmaceutical sales Karen
35%
Marketing Coordinator | NBA Dancer | Yoga Instructor Kimberly
35%
Youth Minister Lesley
35%
Policital Consultant Lesley M.
35%
Poker Dealer Leslie H.
35%
Boutique Manager | Project Analyst Susan
35%
Prosthetic Technician Suzie
35%
General Contractor | Realtor | Sport Fishing Enthusiast Tara
35%
Swimsuit Model Gia
34%
Student Jordan
34%
Event Planner Leah
34%
Leaning Consultant Tierra
34%
Graduate Student | Medical Student Tina
34%
Hotel Concierge Andrea
33%
Hooters Waitress | Model | Registered Nurse Angela
33%
1st Grade Teacher Elise
33%
Makeup Artist | Personal Trainer | Physician Elyse
33%
Flight Attendant Alissa
32%
Biology Student Alyssa
32%
Police Support Specialist Christine
32%
Personal Trainer Kristine
32%
Dentist Mandi
32%
Professional Soccer Player Mandy
32%
Designer for an architect firm Mandy Jaye
32%
Former NBA Dancer Cassandra
31%
School Psychologist Helene
31%
Insurance Agent Lacey
31%
Attorney Linda
31%
Biology Teacher | Former NBA Cheerleader Lori
31%
Personal Banker Maggie
31%
Dental Consultant Monica
31%
Technology Specialist Wendi
31%
War Veteran Jubilee
30%
Digital Marketing Manager | Graduate Student Lacey
30%
Nursing Home Owner Lacy
30%
Sports Publicist Marissa
30%
4th Grade Teacher | Wardrobe Stylist Tracy
30%
Radio Sales Dana
29%
Neuropsychologist Daniela
29%
Commercial Casting Associate Daniella
29%
Insurance Representative Paula
29%
Bartender | Graduate Student Stacey
29%
College Admissions Tenley
29%
Plus Size Model Bo
28%
Broadcast Marketer | Jewelry Designer | Nanny | Real Estate Agent Renee
28%
Dental Hygenist | Financial Management Consultant | Graphic Artist Shannon
28%
Opera Singer Sharleen
28%
Real estate marketing rep. Tiffany
28%
Real estate sales/development Tiffany F.
28%
Medical equipment sales rep Tiffany W.
28%
Plastic Surgery Office Manager Astrid
27%
Administrative Assistant Kacie
27%
Commercial Real Estate Agent Seinne
27%
Trading Clerk Casey
26%
Flight Attendant Naomi
26%
Sales Account Manager Nina
26%
Jumbotron Operator Paige
26%
Executive Assistant Chantal
25%
Account Manager Chantel
25%
Ultrasound Technician Gina
25%
Graduate Student Morgan
25%
Actress Shayne
25%
Model Trish
25%
Personal Banker | Server Valerie
25%
Nutritional Therapist Breanne
24%
Massage therapist/bartender Debbie
24%
Attorney and former White House aide | Doctor Denise
24%
Dental Hygenist Kirpa
24%
Entrepreneur Lex
24%
Business Development Associate Tahzjuan
24%
Social Worker Tessa
24%
Graduate Student Cathy
23%
Dental Assistant Mackenzie
23%
Advertising Coordinator Robin
23%
Oil Field Account Manager Robyn
23%
Funeral Director Shawntel
23%
Strategic Planning Analyst Frances
22%
Teacher Sharon
22%
Model April
21%
Wardrobe Consultant Corrie
21%
Sorority Recruiter Peyton
21%
Hair Stylist Jean-Marie
20%
Executive Assistant Bibiana
19%
Actress Camille
19%
Executive Recruiter Gwen
19%
Registered Nurse Hillary
19%
Registered Nurse Josephine
19%
IT Risk Consultant Onyeka
19%
Publicist Sadie
19%
Special Education Teacher Trina
19%
Account Executive Shelby
18%
Flight Attendant Suzanne
18%
Event Designer Annaliese
17%
Photographer Maquel
17%
Policy Advisor Rita
17%
Real Estate Dealer Selma
17%
Account Manager Sussannah
17%
Cocktail Waitress Tamara
17%
VIP Cocktail Waitress Blakeley
16%
Nanny Mallory
16%
Photographer Noelle
16%
Commercial Real Estate Agent Rhonda
16%
Commercial Pilot Sheila
16%
Waitress Candice
15%
Restaurateur Claudia
15%
Medical Sales Representative | Restaurant Server Dominique
15%
Medical Student Raquel
15%
Account Representative Regina
15%
Broadcast Journalist Devin
14%
Makeup Artist Devon
14%
Restaurant Owner Marikh
14%
Cadaver Tissue Saleswoman Reegan
14%
Property Manager Shushanna
14%
Medical Technician Tiana
14%
Radio City Rockette Keltie
13%
Nurse Revian
13%
Model/Make-Up Artist Rozlyn
13%
Health Club Manager Taryn
13%
Nurse Practitioner Treasure
13%
Attorney Carissa
12%
Mortgage Loan Officer Channy
12%
Retail Manager Francine
12%
Fashion Buyer LB
12%
Orthopedic Nurse Nysha
12%
Internet marketing executive Sheena
12%
Charity Accountant Stacia
12%
Actress | Marketing Salesperson Angelique
11%
Assistant Bevin
11%
Health Care Manager | Teacher Jeanette
11%
Airline Supervisor Kyla
11%
Actress Shira
11%
Exectutive Assistant Tandra
11%
Homemaker Valishia
11%
Realtor Bettina
10%
Radio Sales Blakeney
10%
Dancer Cosetta
10%
Accountant Manager Dolores
10%
College Student Fatima
10%
Entrepreneur Kerriann
10%
Actress LaNease
10%
Emergency Room Nurse Tauni
10%
Student Agnese
9%
Attorney Anindita
9%
Model/executive assistant Celeste
9%
Paralegal Liangy
9%
Account Manager McCarten
9%
Makeup Artist Rosella
9%
Executive assistant Stephy
9%
Fashion Designer Marshana
8%
1st Grade Teacher Merrilee
8%
Esthetician Solisa
8%
Account Manager/Sales DeShaun
7%
No matching quizzes found
Score Distribution
Percent of People with Each Score
Percentile by Number Answered
Your Score History
You have not taken this quiz